Meranie presnosti prvkov vyrobených aditívnou výrobou

Saved in:
Bibliographic Details
Main Author: Kabáthová, Dominika (Author)
Other Authors: Matúš, Miloš (Thesis advisor)
Format: Manuscript Book
Language:Slovak
Published: 2022
Subjects:
Online Access:http://is.stuba.sk/zp/portal_zp.pl?podrobnosti=157233
Tags: Add Tag
No Tags, Be the first to tag this record!

MARC

LEADER 00000ntm a22000003a 4500
001 stuzp90978
003 SK-STU
005 20220611214232.7
007 ta
008 150427s2015----xo-----f-mn---000-0-slo-d
040 |a STU  |b slo 
041 0 |a slo 
100 1 |a Kabáthová, Dominika  |u 020070  |4 aut  |U SjF Strojnícka fakulta  |T SjF Ústav výrobných systémov, enviromentálnej techniky a manažment kvality  |X 104921  |U J0070  |Y 804  |7 104921 
242 0 1 |a Measuring the accuracy of parts produced by additive manufacturing  |y eng 
245 1 0 |a Meranie presnosti prvkov vyrobených aditívnou výrobou 
260 |c 2022 
650 4 |a FDM  |2 slo 
650 4 |a odchýlky  |2 slo 
650 4 |a drsnosť  |2 slo 
650 4 |a aditívna výroba  |2 slo 
650 4 |a SLA  |2 slo 
650 4 |a additive manufacturing  |2 eng 
650 4 |a SLA  |2 eng 
650 4 |a FDM  |2 eng 
650 4 |a deviations  |2 eng 
650 4 |a roughness  |2 eng 
700 1 |a Matúš, Miloš  |u 020070  |k Z1  |4 ths  |U SjF Strojnícka fakulta  |T SjF Ústav výrobných systémov, enviromentálnej techniky a manažment kvality  |X 21762  |U J0070  |Y 804  |7 21762 
856 4 |u http://is.stuba.sk/zp/portal_zp.pl?podrobnosti=157233 
996 |b 284J046984  |c J* 3484/DBP  |l JJSK  |s A  |a 24  |w stuzp90978_0001